ბათუმის შოთა რუსთაველის სახელმწიფო უნივერსიტეტის ბიბლიოთეკა

The Life and Times of James II (ბიბ.ჩანაწერი № 46704)

000 -LEADER
fixed length control field 00468nam a2200193Ia 4500
001 - CONTROL NUMBER
control field 13548
003 - CONTROL NUMBER IDENTIFIER
control field GE_BSU
008 - FIXED-LENGTH DATA ELEMENTS--GENERAL INFORMATION
fixed length control field 181216s||||||||xx |||||||||||||| ||und||
040 ## - CATALOGING SOURCE
Transcribing agency GE_BSU
100 ## - MAIN ENTRY--PERSONAL NAME
Personal name Earle,Peter
245 #4 - TITLE STATEMENT
Title The Life and Times of James II
245 ## - TITLE STATEMENT
Statement of responsibility, etc. Introduction by Antonia Fraser
260 ## - PUBLICATION, DISTRIBUTION, ETC.
Place of publication, distribution, etc. London
260 ## - PUBLICATION, DISTRIBUTION, ETC.
Name of publisher, distributor, etc. Book club Associates
260 ## - PUBLICATION, DISTRIBUTION, ETC.
Date of publication, distribution, etc. 1972
300 ## - PHYSICAL DESCRIPTION
Extent 224p.ill.25cm.
653 ## - INDEX TERM--UNCONTROLLED
Uncontrolled term The Life and Times of James II
942 ## - ADDED ENTRY ELEMENTS (KOHA)
Koha item type წიგნი
ეგზემპლარები
Withdrawn status Lost status Damaged status Not for loan Date acquired Barcode Date last seen Price effective from Koha item type
        2018-12-17 37000 2018-12-17 2018-12-17 წიგნი